[Event "FIN-chT 2223"]
[Site "Finland"]
[Date "2022.10.15"]
[Round "3.6"]
[White "Laakso, Harri"]
[Black "Makela, Lauri"]
[Result "1/2-1/2"]
[WhiteElo "2145"]
[BlackElo "2096"]
[PlyCount "61"]
[EventDate "2022.09.24"]
[EventType "team-tourn"]
[EventRounds "11"]
[EventCountry "FIN"]
[SourceTitle "EXT 2024"]
[Source "ChessBase"]
[SourceDate "2023.10.10"]
[SourceVersion "1"]
[SourceVersionDate "2023.10.10"]
[SourceQuality "1"]
[WhiteTeam "Vantaa EtVaS"]
[BlackTeam "Raahe Li"]
[WhiteTeamCountry "FIN"]
[BlackTeamCountry "FIN"]

1. e4 c5 2. c3 Nf6 3. e5 Nd5 4. d4 cxd4 5. Nf3 Nc6 6. cxd4 d6 7. Bc4 dxe5 8. Nxe5 e6 9. Nxc6 bxc6 10. 0-0 Be7 11. Nc3 0-0 12. Re1 Nxc3 13. bxc3 Qa5 14. Qf3 Ba6 15. Re5 c5 16. Bb3 Qc7 17. Rh5 g6 18. Rh3 c4 19. Bc2 Bb7 20. Qe3 Bd6 21. Bd2 Bd5 22. Be4 Bf4 23. Qxf4 Qxf4 24. Bxf4 Bxe4 25. Re3 Bd5 26. Rb1 f6 27. h4 Kg7 28. Re2 h6 29. f3 g5 30. hxg5 hxg5 31. Bg3 1/2-1/2

[Event "FIN-chT 1617"]
[Site "Finland"]
[Date "2016.12.11"]
[Round "6.6"]
[White "Wikman, Jimmy"]
[Black "Laakso, Harri"]
[Result "1-0"]
[WhiteElo "2036"]
[BlackElo "2144"]
[PlyCount "65"]
[EventDate "2016.09.17"]
[EventType "team-tourn"]
[EventRounds "11"]
[EventCountry "FIN"]
[SourceTitle "EXT 2018"]
[Source "ChessBase"]
[SourceDate "2017.10.13"]
[SourceVersion "1"]
[SourceVersionDate "2017.10.13"]
[SourceQuality "1"]
[WhiteTeam "Karjaa KarjUra"]
[BlackTeam "Vantaa EtVaS"]
[WhiteTeamCountry "FIN"]
[BlackTeamCountry "FIN"]

1. e4 e6 2. d4 d5 3. Bd3 c5 4. Be3 Nc6 5. exd5 exd5 6. c3 cxd4 7. Bxd4 Nxd4 8. cxd4 Nf6 9. Nf3 Bb4+ 10. Nc3 0-0 11. Ne5 Nd7 12. Nxd7 Qxd7 13. 0-0 Bxc3 14. bxc3 Qc7 15. Qf3 Be6 16. Rfe1 Rac8 17. Rac1 Qa5 18. Bb1 b5 19. Qd3 g6 20. Re5 Qa3 21. Qe3 b4 22. Qh6 Rxc3 23. Rce1 Rfc8 24. Rxe6 fxe6 25. Bxg6 hxg6 26. Qxg6+ Kh8 27. Qh6+ Kg8 28. Qxe6+ Kh8 29. Qf6+ Kg8 30. Qg5+ Kh8 31. Qh5+ Kg7 32. Re7+ Kf6 33. Qe5+ 1-0

[Event "FIN-chT2 Gp2 1617"]
[Site "Finland"]
[Date "2016.09.17"]
[Round "1.2"]
[White "Sjoman, Tapani"]
[Black "Laakso, Harri"]
[Result "0-1"]
[WhiteElo "1958"]
[BlackElo "2144"]
[PlyCount "62"]
[EventDate "2016.09.17"]
[EventType "team-tourn"]
[EventRounds "7"]
[EventCountry "FIN"]
[SourceTitle "EXT 2019"]
[Source "ChessBase"]
[SourceDate "2018.10.10"]
[SourceVersion "1"]
[SourceVersionDate "2018.10.10"]
[SourceQuality "1"]
[WhiteTeam "Espoo MatSK III"]
[BlackTeam "Vantaa EtVaS II"]
[WhiteTeamCountry "FIN"]
[BlackTeamCountry "FIN"]

1. d4 Nf6 2. g4 Nxg4 3. e4 d5 4. e5 g6 5. Be2 h5 6. Nc3 a6 7. Bg5 Bh6 8. Nf3 Bxg5 9. Nxg5 Bf5 10. Qd2 e6 11. f3 Nh6 12. 0-0-0 c5 13. dxc5 Nc6 14. Rhg1 Qa5 15. Nge4 Bxe4 16. fxe4 d4 17. Qd3 0-0-0 18. Nb1 Nxe5 19. Qb3 Qxc5 20. Rg3 Nhg4 21. Nc3 Qc6 22. Na4 Kb8 23. h3 Nf2 24. Rf1 Nxe4 25. Bf3 Nxf3 26. Rgxf3 f5 27. Nb6 Nc5 28. Qb4 d3 29. Nc4 dxc2 30. Qc3 Ne4 31. Qxc2 Rc8 0-1

[Event "FIN-chT 1213"]
[Site "Finland"]
[Date "2013.01.12"]
[Round "8.7"]
[White "Valli, Frans"]
[Black "Laakso, Harri"]
[Result "0-1"]
[WhiteElo "2262"]
[BlackElo "2181"]
[PlyCount "76"]
[EventDate "2012.09.28"]
[EventType "team-tourn"]
[EventRounds "11"]
[EventCountry "FIN"]
[SourceTitle "EXT 2014"]
[Source "ChessBase"]
[SourceDate "2013.11.20"]
[SourceVersion "1"]
[SourceVersionDate "2013.11.20"]
[SourceQuality "1"]
[WhiteTeam "Porvoo Velhot"]
[BlackTeam "Vantaa"]
[WhiteTeamCountry "FIN"]
[BlackTeamCountry "FIN"]

1. e4 e6 2. d4 d5 3. Nc3 Bb4 4. e5 c5 5. a3 Bxc3+ 6. bxc3 Ne7 7. Qg4 Kf8 8. Bd2 Nbc6 9. Nf3 Nf5 10. Qf4 h6 11. h4 Qb6 12. g4 Nfe7 13. dxc5 Qb2 14. Rc1 Qxa3 15. Qe3 h5 16. Bh3 Qa4 17. Nd4 b6 18. cxb6 axb6 19. g5 Ba6 20. f4 g6 21. Nb3 Nf5 22. Bxf5 exf5 23. Kf2 Kg7 24. Qxb6 Rhb8 25. Qc5 Rc8 26. Qe3 Nd8 27. Ra1 Qc4 28. Nd4 Ne6 29. Nxe6+ fxe6 30. Rhb1 Rc7 31. Rb4 d4 32. cxd4 Qc6 33. c4 Bb7 34. Rc1 Qg2+ 35. Ke1 Bf3 36. Bc3 Ra2 37. Bd2 Rxd2 38. Qxd2 Qg1# 0-1

[Event "Helsinki We EtVaS"]
[Site "Helsinki"]
[Date "2013.??.??"]
[Round "4"]
[White "Laakso, Harri"]
[Black "Alkkiomaki, Jyrki"]
[Result "1-0"]
[WhiteElo "2176"]
[BlackElo "2007"]
[PlyCount "47"]
[EventDate "2013.??.??"]
[EventType "swiss"]
[EventRounds "5"]
[EventCountry "FIN"]
[SourceTitle "EXT 2022"]
[Source "ChessBase"]
[SourceDate "2021.10.06"]
[SourceVersion "1"]
[SourceVersionDate "2021.10.06"]
[SourceQuality "1"]

1. e4 e5 2. f4 exf4 3. Bc4 f5 4. d3 Qh4+ 5. Kf1 g5 6. Nf3 Qh5 7. Nc3 Nc6 8. Nd5 Kd8 9. Bd2 Bg7 10. c3 Nf6 11. h4 h6 12. Kg1 Qg6 13. hxg5 hxg5 14. Rxh8+ Bxh8 15. Nxg5 Nxd5 16. exd5 Qxg5 17. dxc6 dxc6 18. Qe2 b5 19. Re1 Bd7 20. Be6 Qe7 21. Bxf4 Bxe6 22. Qxe6 Qxe6 23. Rxe6 Kd7 24. Rh6 1-0

[Event "FIN Team Cup"]
[Site "Finland"]
[Date "2012.04.21"]
[Round "2.2"]
[White "Kiviaho, Allan"]
[Black "Laakso, Harri"]
[Result "1/2-1/2"]
[WhiteElo "2173"]
[BlackElo "2169"]
[PlyCount "68"]
[EventDate "2012.03.31"]
[EventType "team-k.o."]
[EventRounds "6"]
[EventCountry "FIN"]
[SourceTitle "EXT 2022"]
[Source "ChessBase"]
[SourceDate "2021.10.06"]
[SourceVersion "1"]
[SourceVersionDate "2021.10.06"]
[SourceQuality "1"]
[WhiteTeam "Helsinki HSK II"]
[BlackTeam "Vantaa EtVaS"]
[WhiteTeamCountry "FIN"]
[BlackTeamCountry "FIN"]

1. d4 Nf6 2. c4 g6 3. Nc3 Bg7 4. e4 d6 5. f3 0-0 6. Be3 Nc6 7. Bd3 e5 8. d5 Nd4 9. Nge2 Nh5 10. 0-0 c5 11. dxc6 bxc6 12. Qd2 Be6 13. Kh1 c5 14. Bh6 f5 15. Bxg7 Nxg7 16. Nxd4 exd4 17. Nd5 Bxd5 18. exd5 Qf6 19. Rfe1 a5 20. Bc2 a4 21. Qd3 Rfb8 22. Rab1 Rb7 23. Qa3 Rb4 24. b3 Qd8 25. Qc1 axb3 26. Bxb3 Qf6 27. Qd2 Rb7 28. Kg1 h5 29. Re2 Kh7 30. Rbe1 Rba7 31. g3 Rb7 32. f4 Rba7 33. h4 Rb7 34. Kg2 Rba7 1/2-1/2

[Event "FIN-chT1B 1112"]
[Site "Finland"]
[Date "2012.03.10"]
[Round "7.1"]
[White "Laakso, Harri"]
[Black "Pudas, Teemu"]
[Result "0-1"]
[WhiteElo "2184"]
[BlackElo "2260"]
[PlyCount "52"]
[EventDate "2011.09.17"]
[EventType "team-tourn"]
[EventRounds "7"]
[EventCountry "FIN"]
[SourceTitle "EXT 2019"]
[Source "ChessBase"]
[SourceDate "2018.10.10"]
[SourceVersion "1"]
[SourceVersionDate "2018.10.10"]
[SourceQuality "1"]
[WhiteTeam "Vantaa EtVaS II"]
[BlackTeam "Espoo ESK"]
[WhiteTeamCountry "FIN"]
[BlackTeamCountry "FIN"]

1. e4 c5 2. Nf3 Nc6 3. c3 Nf6 4. e5 Nd5 5. d4 cxd4 6. cxd4 d6 7. Bc4 dxe5 8. dxe5 Be6 9. Qe2 g6 10. 0-0 Qc7 11. Re1 Bg7 12. h3 0-0 13. Bg5 Rfd8 14. Nbd2 h6 15. Bh4 Nf4 16. Qe4 Nxe5 17. Nxe5 Bxe5 18. Bxe6 Nxe6 19. Rac1 Qb8 20. Nc4 Bh2+ 21. Kh1 Rd4 22. Qe3 Bf4 23. Qc3 Bxc1 24. Bg3 Qd8 25. Qxc1 Rc8 26. Qxh6 Rd1 0-1

[Event "Helsinki We EtVaS"]
[Site "Helsinki"]
[Date "2012.??.??"]
[Round "3"]
[White "Laakso, Harri"]
[Black "Elomaa, Arto"]
[Result "1-0"]
[WhiteElo "2173"]
[BlackElo "1990"]
[PlyCount "77"]
[EventDate "2012.??.??"]
[EventType "swiss"]
[EventRounds "5"]
[EventCountry "FIN"]
[SourceTitle "EXT 2022"]
[Source "ChessBase"]
[SourceDate "2021.10.06"]
[SourceVersion "1"]
[SourceVersionDate "2021.10.06"]
[SourceQuality "1"]

1. e4 c6 2. c4 d5 3. cxd5 cxd5 4. exd5 Nf6 5. Qa4+ Nbd7 6. Nc3 g6 7. Nf3 Bg7 8. Bc4 0-0 9. Qb3 a6 10. a4 Nb6 11. d3 Nxc4 12. dxc4 e6 13. 0-0 Re8 14. Bg5 h6 15. Bh4 e5 16. Rfe1 g5 17. Bg3 e4 18. Nd2 Bf5 19. Qxb7 h5 20. Qc7 h4 21. Qxd8 Raxd8 22. Bc7 Rd7 23. d6 Re5 24. Rac1 Bf8 25. Nf3 Rc5 26. Nd2 Rcxc7 27. dxc7 Rxd2 28. Nxe4 Nxe4 29. Rxe4 Bc5 30. Re8+ Kg7 31. c8Q Bxf2+ 32. Kh1 Bxc8 33. Rxc8 Rxb2 34. Re8 f5 35. h3 Kf7 36. Re5 Kg6 37. c5 Bg3 38. Re6+ Kh5 39. c6 1-0